| 000 | 01510nam a2200193Ia 4500 | ||
|---|---|---|---|
| 008 | 220216s9999 xx 000 0 und d | ||
| 100 | _aJasso Cantu D | ||
| 245 | 0 | _aSeasonal growth, rubber and resin yield characteristics of guayule under natural environmental conditions | |
| 260 |
_bIndustrial Crops and Products _c1997 |
||
| 300 | _a131-137 | ||
| 520 | _aKnowledge of the growth characteristics of guayule (Parthenium argentatum Grray) and the different co-products produced during plant development would be extremely useful for selecting guayule species with high rubber yields, productivity, and defining the best time for harvesting. In this work, the changes in biomass, rubber and resin characteristics of two Mexican accessions and a check variety with high rubber yields were monitored during a 3-year period, starting at the seeding stage. The plants were grown in an experimental dryland field and sampled almost every month for plant height, top spread, biomass, stem diameter, rubber and resin contents. The results show cycles of biomass accumulation which may be correlated with changes in rubber and resin content. The overall biomass increase was approximated using an exponential function of a growth constant and time. The constants obtained apparently depended on the accession. | ||
| 650 | _aGuayule | ||
| 650 | _aRubber molecular weight | ||
| 650 | _aSeasonal variation | ||
| 700 | _aAngulo-Sanchez J L | ||
| 700 | _aKuruvadi S | ||
| 700 | _aRodriguez-Garcia R | ||
| 942 | _cJS | ||
| 999 |
_c68492 _d68492 |
||